| 000 -LEADER |
| fixed length control field |
03002mam a22003854a 4500 |
| 001 - CONTROL NUMBER |
| control field |
2525187 |
| 003 - CONTROL NUMBER IDENTIFIER |
| control field |
OSt |
| 005 - DATE AND TIME OF LATEST TRANSACTION |
| control field |
20180116183054.0 |
| 008 - FIXED-LENGTH DATA ELEMENTS--GENERAL INFORMATION |
| fixed length control field |
991019s2000 nyua b 000 0 eng |
| 010 ## - LIBRARY OF CONGRESS CONTROL NUMBER |
| LC control number |
99055140 |
| 020 ## - INTERNATIONAL STANDARD BOOK NUMBER |
| International Standard Book Number |
0195134877 (cloth) |
| 035 ## - SYSTEM CONTROL NUMBER |
| System control number |
(OCoLC)ocm42707968 |
| 040 ## - CATALOGING SOURCE |
| Original cataloging agency |
DLC |
| Transcribing agency |
DLC |
| Modifying agency |
C#P |
| -- |
OrLoB-B |
| 042 ## - AUTHENTICATION CODE |
| Authentication code |
pcc |
| 043 ## - GEOGRAPHIC AREA CODE |
| Geographic area code |
n-us--- |
| 050 00 - LIBRARY OF CONGRESS CALL NUMBER |
| Classification number |
HD9565 |
| Item number |
.K574 2000 |
| 082 00 - DEWEY DECIMAL CLASSIFICATION NUMBER |
| Classification number |
333.8230973 KLE 2000 |
| Edition number |
21 |
| 100 1# - MAIN ENTRY--PERSONAL NAME |
| Personal name |
Kleiner, Art. |
| 245 10 - TITLE STATEMENT |
| Title |
Oil change : |
| Remainder of title |
perspectives on corporate transformation / |
| Statement of responsibility, etc. |
Art Kleiner, George Roth ; with Ann Thomas, Toni Gregory, Edward Hamell. |
| 260 ## - PUBLICATION, DISTRIBUTION, ETC. |
| Place of publication, distribution, etc. |
New York : |
| Name of publisher, distributor, etc. |
Oxford University Press, |
| Date of publication, distribution, etc. |
2000. |
| 300 ## - PHYSICAL DESCRIPTION |
| Extent |
xxxiv, 235 p. : |
| Other physical details |
ill. ; HB. |
| Dimensions |
25 cm. |
| 440 ## - SERIES STATEMENT/ADDED ENTRY--TITLE |
| Title |
Oil change : perspectives on corporate transformation |
| 490 1# - SERIES STATEMENT |
| Series statement |
The learning history library |
| 504 ## - BIBLIOGRAPHY, ETC. NOTE |
| Bibliography, etc. note |
Includes bibliographical references (p. 233-235). |
| 505 00 - FORMATTED CONTENTS NOTE |
| Miscellaneous information |
Ch. 1. |
| Title |
Introduction -- |
| Miscellaneous information |
Ch. 2. |
| Title |
Genesis: The Early Years -- |
| Miscellaneous information |
Ch. 3. |
| Title |
The Quest for Financial Literacy -- |
| Miscellaneous information |
Ch. 4. |
| Title |
Southern Company -- |
| Miscellaneous information |
Ch. 5. |
| Title |
Governance: New Structures for Focusing Power and Accountability -- |
| Miscellaneous information |
Ch. 6. |
| Title |
Noble Purpose: The OilCo Consulting Governance Story -- |
| Miscellaneous information |
Ch. 7. |
| Title |
The Glass House of Leadership -- |
| Miscellaneous information |
Ch. 8. |
| Title |
Buxton Falls' High Performance Teams -- |
| Miscellaneous information |
Ch. 9. |
| Title |
Three Siblings and The Pace of Change -- |
| Miscellaneous information |
Ch. 10. |
| Title |
Downsizing During Transformation: The OilCo Chemical Story -- |
| Miscellaneous information |
Ch. 11. |
| Title |
The Diversity Corporate Initiative Team -- |
| Miscellaneous information |
Ch. 12. |
| Title |
Who Am I? -- |
| Miscellaneous information |
Ch. 13. |
| Title |
When Will We Learn? / |
| Statement of responsibility |
Edgar Schein -- |
| Miscellaneous information |
Ch. 14. |
| Title |
Sense Making as a Driving Force in Change at OilCo / |
| Statement of responsibility |
Karl Weick -- |
| Miscellaneous information |
Ch. 15. |
| Title |
Governance and Federalism / |
| Statement of responsibility |
Charles Handy -- |
| Miscellaneous information |
Ch. 16. |
| Title |
Discussion Guide. |
| 520 1# - SUMMARY, ETC. |
| Summary, etc. |
"Oil Change: Perspectives on Corporate Transformation is the story of major corporate change undertaken by OilCo, a pseudonym for a major international oil company, just after a time of lay-offs and cutbacks. Key people within the company tell the story, using a technique developed at MIT's Center for Organizational Learning. One hundred and fifty employees were interviewed at all levels of the company, from hourly workers to the executive council. |
| 520 8# - SUMMARY, ETC. |
| Summary, etc. |
They worked in all primary OilCo businesses: exploration and production, refining and retail, chemical and oil consulting. During this time all the firm's values came into question, including its business practices, corporate governance structure, team management, and leadership style. Oil Change: Perspectives on Corporate Transformation gives students an inside look at what OilCo learned collectively. |
| 520 8# - SUMMARY, ETC. |
| Summary, etc. |
It also shows what employees learned individually as they worked in an often turbulent environment."--BOOK JACKET. |
| 650 #0 - SUBJECT ADDED ENTRY--TOPICAL TERM |
| Topical term or geographic name entry element |
Petroleum industry and trade |
| Geographic subdivision |
United States |
| General subdivision |
Management |
| Form subdivision |
Case studies. |
| 650 #0 - SUBJECT ADDED ENTRY--TOPICAL TERM |
| Topical term or geographic name entry element |
Organizational change |
| Geographic subdivision |
United States |
| Form subdivision |
Case studies. |
| 700 1# - ADDED ENTRY--PERSONAL NAME |
| Personal name |
Roth, George, |
| Dates associated with a name |
1957- |
| 830 #0 - SERIES ADDED ENTRY--UNIFORM TITLE |
| Uniform title |
Learning history library. |
| 900 ## - EQUIVALENCE OR CROSS-REFERENCE-PERSONAL NAME [LOCAL, CANADA] |
| Numeration |
TOC |
| 942 ## - ADDED ENTRY ELEMENTS (KOHA) |
| Source of classification or shelving scheme |
|
| Koha item type |
Book |